000
00293nam a2200109Ia 4500
008
220204s9999 xx 000 0 und d
082
_a
93/99(47+57)
_b
CAR
100
_a
Carr, E H
245
0
_a
History of Soviet Russia: The interregnum 1923-24
260
_a
London
_b
Macmillan
_c
1954
942
_c
BK
999
_c
31841
_d
31841